000 00692nam a22002777a 4500
001 25273
003 UA-OsUOA
005 20230823154218.0
007 ta
008 20040330b un ||||| |||| 00| 0 ukr d
020 _a966-8253-12-4
040 _aUA-OsUOA
_bukr
_cUA-OsUOA
_dUA-OsUOA
041 _aukr
044 _aUA
080 _a336(075.8)
090 _a336(075.8)
_bЗ-34
100 _aЗарєчнєв А. М.
245 _aФінанси. Тести і задачі
_bнавч. пос.
260 _aКиїв
_bЦУЛ
_c2003
300 _a196 с.
650 7 _2UDC
700 _aМалаєва Т.В.
700 _aРусанова Р.П.
942 _cBK
_2udc
955 _a0
999 _c311566
_d311566